| 000 | 00702nam a22001817a 4500 | ||
|---|---|---|---|
| 003 | BUBTL | ||
| 008 | 190310b xxu||||| |||| 00| 0 eng d | ||
| 020 | _a978-81-7066-970-8 | ||
| 082 | _a891.44 / GAS | ||
| 100 |
_92164 _aগঙ্গোপাধ্যায় , সুনীল |
||
| 245 |
_aসেই সময় / _cসুনীল গঙ্গোপাধ্যায় |
||
| 260 |
_aকলকাতা : _bআনন্দ পাবলিশার্স প্রাইভেট লিমিটেড, _cc2015. |
||
| 300 |
_a709 p. : _c22 cm. |
||
| 650 | 0 |
_91687 _aবাংলা সাহিত্য |
|
| 856 |
_k0 _l0 _yDownload |
||
| 942 |
_2ddc _cBK |
||
| 999 |
_c5905 _d5905 |
||